000
00255nam a2200097Ia 4500
008
230907s9999||||xx |||||||||||||| ||und||
082
_a
155.28
_b
WIL
245
4
_a
The Wiley handbook of personality assessment /
300
_a
xxxix, 437 pages ;
942
_c
BK
999
_c
600473
_d
600473